Príspevok k optimálnemu návrhu tepelného cyklu spaľovacej turbíny s akumuláciou vzduchu. /
Guardado en:
| Autor principal: | |
|---|---|
| Formato: | Manuscrito Libro |
| Publicado: |
Bratislava :
SVŠT v Bratislave SjF,
1979
|
| Etiquetas: |
Sin Etiquetas, Sea el primero en etiquetar este registro!
|
MARC
| LEADER | 00000ntm a22000003a 4500 | ||
|---|---|---|---|
| 001 | stu47669 | ||
| 005 | 20150617225710.7 | ||
| 008 | ------s1979----cs----------------------d | ||
| 040 | |a STU |b slo | ||
| 041 | 0 | ||
| 044 | |a cs | ||
| 080 | |a 621.438.001.24 | ||
| 100 | 1 | |a Urban, František, |d 1952- |4 aut |u J260 |U SjF Ústav tepelnej energetiky |T SjF Katedra tepelnej energetiky |X 2435 |U J260 |Y 49 |7 A000002435 | |
| 245 | 1 | |a Príspevok k optimálnemu návrhu tepelného cyklu spaľovacej turbíny s akumuláciou vzduchu. / |c [aut.] Urban,František | |
| 260 | |a Bratislava : |b SVŠT v Bratislave SjF, |c 1979 | ||
| 300 | |a 153 s | ||
| 996 | |b J60902 |c J*60902/DIZ. |l JJSK |s A |a 24 |w stu47669_0001 | ||